List of Conan O'Brien Needs a Friend Guests - Statistics

General Stats
  • This quiz has been taken 318 times
    52 since last reset
  • The average score is 69 of 185
Answer Stats
Answer Hint % Correct
Tom Hanks Cast Away actor
85%
Barack Obama former President
81%
Colin Hanks actor, son of below actor
81%
Michelle Obama former First Lady
81%
Ricky Gervais The Office UK actor
81%
Adam Sandler Happy Gilmore actor
73%
Daniel Radcliffe Harry Potter actor
73%
David Letterman former late night host
73%
Julia Louis-Dreyfus Seinfeld actress
73%
Kathryn Hahn It was Agatha all along
73%
Quentin Tarantino Pulp Fiction director
73%
Eugene Levy and Catherine O'Hara Schitt's Creek actors
69%
John Cleese Monty Python comedian
69%
Keegan-Michael Key did a show with Peele
69%
Mike Myers Austin Powers actor
69%
Seth Meyers Late Night host
69%
Tina Fey SNL and 30 Rock actress
69%
Bill Hader SNL and Barry actor
65%
Bryan Cranston Breaking Bad actor
65%
Jeff Goldblum Jurassic Park actor
65%
J.J. Abrams Star Wars director
65%
Martin Short Three Amigos actor
65%
Michael Keaton Batman
65%
Paul Reubens Pee Wee Herman
65%
Seth Rogen Knocked Up actor
65%
Ben Stiller Dodgeball actor
62%
Bob Odenkirk Better Call Saul actor
62%
Ed Helms Hangover actor
62%
Howie Mandel Deal or No Deal host
62%
John Krasinski The Office actor
62%
Kaley Cuoco Big Bang Theory actress
62%
Michael Che SNL Weekend Update host
62%
Neil Young Crosby, Stills, Nash & ____
62%
Ted Danson Cheers actor
62%
Anderson Cooper CNN host
58%
Andy Richter Conan's sidekick
58%
Dave Grohl Foo Fighters lead
58%
David Spade Joe Dirt actor
58%
Hillary Clinton and Chelsea Clinton First Lady and Senator
58%
Jesse Eisenberg Social Network actor
58%
Jim Parsons The Big Bang Theory actor
58%
Lisa Kudrow Friends actress
58%
Mila Kunis That 70s Show actress
58%
Rashida Jones Parks and Rec actress
58%
Stephen Colbert Late Show host
58%
Will Ferrell SNL comedian and actor
58%
Eric Idle Monty Python comedian
54%
Fred Armisen SNL and Portlandia
54%
Jimmy Kimmel late night host
54%
Kenan Thompson longest SNL cast member
54%
Marshawn Lynch NFL running back
54%
Rachel Dratch Debbie Downer comedian
54%
Ray Romano Everybody Loves him
54%
Al Franken SNL comedian and Senator
50%
Angela Kinsey and Jenna Fischer Office Ladies
50%
Bruce Springsteen E Street Band leader
50%
Charles Barkley NBA legend and announcer
50%
Jeff Ross toastmaster
50%
John Lithgow Third Rock from the Sun
50%
Leslie Jones SNL comedian
50%
Melissa McCarthy Bridesmaids actress
50%
Paul Rudd brings the Mac & Me clip
50%
Simon Rich humorist in New Yorker
50%
Stephen Merchant The Office UK creator
50%
Weird Al Yankovic parody music writer
50%
Will Arnett Arrested Development actor
50%
Will Forte SNL and MacGruber
50%
Anthony Anderson To Tell the Truth host
46%
Bill Burr stand up comedian
46%
Dana Carvey did Deep Dives on the pod
46%
Jane Lynch Glee actress
46%
Kristen Bell The Good Place actress
46%
Shaquille O'Neal NBA legend and announcer
46%
Slash Guns & Roses lead
46%
Zach Galifianakis Hangover actor
46%
Jake Gyllenhaal Source Code actor
42%
Julie Bowen Modern Family actress
42%
Nick Offerman and Megan Mullally married Parks and Rec actors
42%
Rivers Cuomo Wheezer singer
42%
Sonia Sotomayor Supreme Court justice
42%
Tracee Ellis Ross Blackish actress
42%
Tracy Morgan 30 Rock actor
42%
Adam McKay Anchorman director
38%
Amy Schumer show that goes Inside her
38%
Aubrey Plaza Parks and Rec actress
38%
Brian Cox professor of physics
38%
Ellie Kemper Unbreakable Kimmy Schmidt
38%
Flula Borg German comedian
38%
Jack McBrayer Conan's punching bag
38%
Jack White sings the podcast's theme
38%
Jake Tapper CNN host
38%
Jim Carrey legendary comedian
38%
Joel McHale The Soup host
38%
John Oliver HBO host
38%
John Wilson How To on HBO
38%
Kevin Nealon Weekend Update host
38%
Kieran Culkin Succession actor
38%
Kumail Nanjiani The Big Sick actor
38%
Luke Wilson actor and brother of actor
38%
Rob Lowe Parks and Rec actor
38%
Ron Reagan son of former president
38%
W. Kamau Bell comedian and CNN host
38%
Jessie Gaskell and Mike Sweeney hosts of Inside Conan
35%
John Leguizamo Ice Age actor
35%
Sean Hayes Smartless host
35%
Steven Yeun Walking Dead actor
35%
Tiffany Haddish Girls Trip actress
35%
Billy Eichner comedian "on the Street"
31%
David Cross Arrested Development actor
31%
Ellen DeGeneres daytime talk show host
31%
Howard Stern radio host
31%
Jim Gaffigan Hot Pockets comedian
31%
Timothy Olyphant Justified actor
31%
Jack Black rocking actor
27%
Jon Bernthal Punisher actor
27%
Matthew Rhys Welsh actor
27%
Maya Rudolph SNL cast member
27%
Mike Schur Parks and Rec creator
27%
Nick Kroll Big Mouth comedian
27%
Penn Badgley Gossip Girl actor
27%
Pete Holmes Crashing comedian
27%
Randall Park Fresh Off the Boat actor
27%
Bob Newhart legendary stand up
23%
Colin Quinn Weekend Update host
23%
Jameela Jamil The Good Place actress
23%
John Mulaney stand up comedian
23%
Judd Apatow comedy director
23%
B.J. Novak The Office actor
19%
Cecily Strong SNL cast member
19%
JB Smoove Curb Your Enthusiasm
19%
Kate Hudson Glass Onion actress
19%
Malcolm Gladwell author
19%
Robert Caro biographer
19%
Sean Penn Two time Oscar winner
19%
Steve Coogan Alan Partridge actor
19%
Abbi Jacobson Broad City comedian
15%
Amy Sedaris comedian, sister of below
15%
Daniel Sloss Scottish comedian
15%
D'Arcy Carden The Good Place actress
15%
David Sedaris humorist author
15%
Elle Fanning Maleficient actress
15%
Eric Andre comedian and host
15%
Hannah Gadsby Nanette comedian
15%
Kevin Hart Think Like a Man actor
15%
Kristen Schaal Bob's Burgers voice actress
15%
Thomas Middleditch and Ben Schwartz improvisors and actors
15%
Willie Nelson country singer
15%
Ali Wong Always Be My Maybe
12%
Andy Daly MadTV comedian
12%
Dax Shepard actor and podcast host
12%
Hannah Einbinder Hacks actress
12%
Lin-Manuel Miranda Broadway star
12%
Lizzy Caplan Freaks and Geeks actress
12%
Marc Maron podcast host
12%
Molly Shannon Sally O'Malley from SNL
12%
Nicole Byer Nailed It! host
12%
Nikki Glaser comedian and host
12%
Patton Oswalt and Meredith Salenger actor and comedian
12%
Rami Youssef self titled show on Hulu
12%
Ron Funches stand up comedian
12%
Taylor Tomlinson stand up comedian
12%
Vir Das Indian comedian
12%
Aimee Mann singer
8%
Alan Yang Parks and Rec writer
8%
Bowen Yang SNL cast member
8%
Chris Redd SNL cast member
8%
Deon Cole Blackish actor
8%
Desus & Mero former talk show duo
8%
James Burrows Cheers creator
8%
Kristin Chenoweth singer and Broadway star
8%
Mike Birbiglia stand up comedian
8%
Rory Scovel Dads podcast host
8%
Russell Brand British comedian
8%
Sam Richardson Veep actor
8%
Sarah Silverman comedian with a Program
8%
Tig Notaro stand up comedian
8%
Wanda Sykes comedian and voice actress
8%
Whitney Cummings comedian and podcaster
8%
Elvis Costello singer w/ famous first name
4%
Judy Greer Halloween actress
4%
Keith Urban country singer
4%
Lea DeLaria Orange Is the New Black
4%
Paul F. Tompkins Superego host
4%
Moses Storm stand up comedian
0%
Vanessa Bayer SNL comedian
0%
No matching quizzes found
Score Distribution
Percent of People with Each Score
Percentile by Number Answered
Your Score History
You have not taken this quiz since the last reset